Tractatus theologicus in quo de omnibus christianæ religionis articulis agitur, occasione ex Petri epistolâ posteriori acceptâ, quondam propositus publicè â dn. Paulo Röbero ... (Запись № 10594948)

Подробности
000 -МАРКЕР
контрольное поле 00985nam0a22002411 4500
001 - ИДЕНТИФИКАТОР ЗАПИСИ
контрольное поле RU\INFOCOMM_327\NLR\5000083471
005 - ИДЕНТИФИКАТОР ВЕРСИИ
контрольное поле 20250614080839.0
035 ## - ДРУГИЕ СИСТЕМНЫЕ НОМЕРА
Идентификатор записи (NLR Aleph) 010618341
100 ## - ДАННЫЕ ОБЩЕЙ ОБРАБОТКИ
Данные общей обработки 20130327d1650 |||y0rusy50 ca
101 0# - ЯЗЫК РЕСУРСА
Язык текста, звукозаписи и т.д. латинский
102 ## - СТРАНА ПУБЛИКАЦИИ ИЛИ ПРОИЗВОДСТВА
Страна публикации российская федерация
105 ## - ПОЛЕ КОДИРОВАННЫХ ДАННЫХ: ТЕКСТОВЫЕ МАТЕРИАЛЫ, МОНОГРАФИЧЕСКИЕ
Кодированные данные о монографическом текстовом документе y z||||
200 1# - ЗАГЛАВИЕ И СВЕДЕНИЯ ОБ ОТВЕТСТВЕННОСТИ
Основное заглавие Tractatus theologicus in quo de omnibus christianæ religionis articulis agitur, occasione ex Petri epistolâ posteriori acceptâ, quondam propositus publicè â dn. Paulo Röbero ...
Сведения, относящиеся к заглавию Nunc verò partim in disputatione solemni, partim in exercitiis privatis, jutsû superiorum, repetitus â Michaele Wendelero ...
210 ## - ПУБЛИКАЦИЯ, РАСПРОСТРАНЕНИЕ И ДР.
Место издания, распространения и т.д. Viteberga [Wittenberg in Preussen]
Имя издателя, распространителя и т. д. ex Officinâ J. Röhneri ...
Дата издания, распространения и т.д. 1650
215 ## - ФИЗИЧЕСКАЯ ХАРАКТЕРИСТИКА
Специфическое обозначение материала и объем [16], 95 с.
Размеры 16 см
686 ## - ИНДЕКСЫ ДРУГИХ КЛАССИФИКАЦИЙ
Индекс Р(4г)24
Код системы
700 #1 - ИМЯ ЛИЦА - ПЕРВИЧНАЯ ОТВЕТСТВЕННОСТЬ
Начальный элемент ввода Röber
Часть имени, кроме начального элемента ввода P.
Даты 1587-1665
Расширение инициалов личного имени Paul
801 #1 - ИСТОЧНИК ЗАПИСИ
Страна российская федерация
Организация Infocomm
Дата составления 20130327
801 #0 - ИСТОЧНИК ЗАПИСИ
Страна российская федерация
Организация INFOCOMM
Правила каталогизации PSBO
852 ## - МЕСТОНАХОЖДЕНИЕ И ШИФР ХРАНЕНИЯ
Идентификатор организации NLR
Шифр хранения (Call Number) Да1813 Аллиг.2
942 ## - ДОПОЛНИТЕЛЬНЫЕ ЭЛЕМЕНТЫ ЗАПИСИ (АБИС)
Тип экземпляра АБИС Книга
980 ## - КОЛЛЕКЦИЯ
Название коллекции Национальная библиография

Нет доступных экземпляров.